U.S. States By Their Last 5 Governors - Statistics

General Stats
  • This quiz has been taken 26 times
  • The average score is 32 of 50
Answer Stats
Most Recent Governors State % Correct
J.B. Pritzker, Bruce Rauner, Pat Quinn, Rod Blagojevich, George Ryan Illinois
86%
Phil Murphy, Chris Christie, Jon Corzine, Richard Codey, Jim McGreevey New Jersey
82%
Asa Hutchinson, Mike Beebe, Mike Huckabee, Jim Guy Tucker, Bill Clinton Arkansas
77%
Gavin Newsome, Jerry Brown, Arnold Schwarzenegger, Gray Davis, Pete Wilson California
77%
Larry Hogan, Martin O'Malley, Bob Ehrlich, Parris Glendening, William D. Schaefer Maryland
77%
Charlie Baker, Deval Patrick, Mitt Romney, Jane Swift, Paul Celucci Massachusetts
77%
Chris Sununu, Maggie Hassan, John Lynch, Craig Benson, Jeanne Shaheen New Hampshire
77%
John Bel Edwards, Bobby Jindal, Kathleen Blanco, Mike Foster, Edwin Edwards Louisiana
73%
Tim Walz, Mark Dayton, Tim Pawlenty, Jesse Ventura, Arne H. Carlson Minnesota
73%
Michelle Lujan Grisham, Susana Martinez, Bill Richardson, Gary Johnson, Bruce King New Mexico
73%
Kristi Noem, Dennis Daugaard, Mike Rounds, Bill Janklow, Walter Dale Miller South Dakota
73%
Jim Justice, Earl Ray Tomblin, Joe Manchin, Bob Wise, Cecil H. Underwood West Virginia
73%
Mike Dunleavy, Bill Walker, Sean Parnell, Sarah Palin, Frank Murkowski Alaska
68%
Ron DeSantis, Rick Scott, Charlie Crist, Jeb Bush, Buddy MacKay Florida
68%
Brian Kemp, Nathan Deal, Sonny Perdue, Roy Barnes, Zell Miller Georgia
68%
Eric Holcomb, Mike Pence, Mitch Daniels, Joe E. Kernan, Frank O'Bannon Indiana
68%
Janet Mills, Paul LePage, John Baldacci, Angus King, John McKernan Maine
68%
Gretchen Whitmer, Rick Snyder, Jennifer Granholm, John Engler, James Blanchard Michigan
68%
Andrew Cuomo, David Paterson, Eliot Spitzer, George Pataki, Mario Cuomo New York
68%
Greg Abbott, Rick Perry, George W. Bush, Ann Richards, Bill Clements Texas
68%
Phil Scott, Peter Shumlin, Jim Douglas, Howard Dean, Richard A. Snelling Vermont
68%
Ralph Northam, Terry McAuliffe, Bob McDonnell, Tim Kaine, Mark Warner Virginia
68%
Jay Inslee, Christine Gregoire, Gary Locke, Mike Lowry, Booth Gardner Washington
68%
Kay Ivey, Robert Bentley, Bob Riley, Don Siegelman, Fob James Alabama
64%
Doug Ducey, Jan Brewer, Janet Napolitano, Jane Dee Hull, Fife Symington Arizona
64%
Jared Polis, John Hickenlooper, Bill Ritter, Bill Owens, Roy Romer Colorado
64%
David Ige, Neil Abercrombie, Linda Lingle, Ben Cayetano, John D. Waihe'e III Hawaii
64%
Tate Reeves, Phil Bryant, Haley Barbour, Ronnie Musgrove, Kirk Fordice Mississippi
64%
Mike DeWine, John Kasich, Ted Strickland, Bob Taft, Nancy Hollister Ohio
64%
Tom Wolf, Tom Corbett, Ed Rendell, Mark Schweiker, Tom Ridge Pennsylvania
64%
Henry McMaster, Nikki Haley, Mark Sanford, Jim Hodges, David Beasley South Carolina
64%
Tony Evers, Scott Walker, Jim Doyle, Scott McCaluum, Tommy Thompson Wisconsin
64%
Kim Reynolds, Terry Branstad, Chet Culver, Tom Vilsack, Terry Branstad Iowa
59%
Andy Beshear, Matt Bevin, Steve Beshear, Ernie Fletcher, Paul E. Patton Kentucky
59%
Gary Herbert, Jon Huntsman Jr., Olene Walker, Mike Leavitt, Norman H. Bangerter Utah
59%
Ned Lamont, Dannel Malloy, Jodi Rell, John G. Rowland, Lowell Weicker Connecticut
55%
John Carney, Jack Markell, Ruth Ann Minner, Tom Carper, Dale E. Wolf Delaware
55%
Laura Kelly, Jeff Colyer, Sam Brownback, Mark Parkinson, Kathleen Sebelius Kansas
55%
Pete Ricketts, David Heineman, Mike Johanns, Ben Nelson, Kay A. Orr Nebraska
55%
Roy Cooper, Pat McCrory, Bev Perdue, Mike Easley, Jim Hunt North Carolina
55%
Doug Burgum, Jack Dalrymple, John Hoeven, Ed Schaefer, George A. Sinner North Dakota
55%
Kate Brown, John Kitzhaber, Ted Kulongoski, John Kitzhaber, Barbara Roberts Oregon
55%
Mark Gordon, Matt Mead, Dave Freudenthal, Jim Geringer, Mike Sullivan Wyoming
55%
Mike Parson, Eric Greitens, Jay Nixon, Matt Blunt, Bob Holden Missouri
50%
Steve Bullock, Brian Schweitzer, Judy Martz, Marc Raicot, Stan Stephens Montana
50%
Steven Sisolak, Brian Sandoval, Jim Gibbons, Kenny Guinn, Bob Miller Nevada
50%
Kevin Stitt, Mary Fallin, Brad Henry, Frank Keating, David Walters Oklahoma
50%
Gina Raimondo, Lincoln Chafee, Donald Carcieri, Lincoln Almond, Bruce Sundlun Rhode Island
50%
Bill Lee, Bill Haslam, Phil Bredesen, Don Sundquist, Ned McWherter, Tennessee
50%
Brad Little, Butch Otter, Jim Risch, Dirk Kempthorne, Phil Batt Idaho
41%
No matching quizzes found
Score Distribution
Percent of People with Each Score
Percentile by Number Answered
Your Score History
You have not taken this quiz